[Event "Wijk aan Zee Top-tienkamp"]
[Site "Wijk aan Zee NED"]
[Date "2017.01.29"]
[EventDate "?"]
[Round "9"]
[Result "1-0"]
[White "Rameshbabu Praggnanandhaa"]
[Black "Pierre Laurent-Paoli"]
[WhiteElo "2437"]
[BlackElo "2297"]
[PlyCount "77"]

1. Nf3 d6 2. e4 Nf6 3. Nc3 e5 4. d4 Nbd7 5. Bc4 Be7 6. O-O O-O
7. a4 c6 8. Re1 exd4 9. Nxd4 Ne5 10. Ba2 Re8 11. f3 Bd7
12. Be3 Qa5 13. Qd2 Qb4 14. a5 Bf8 15. Red1 Nc4 16. Bxc4 Qxc4
17. a6 b5 18. Bg5 Qc5 19. Bxf6 gxf6 20. Kh1 Rad8 21. Nce2 f5
22. Qg5+ Bg7 23. exf5 Qe5 24. Ng3 h6 25. Qg4 Kh8 26. Nh5 Rg8
27. f4 Qe4 28. Ng3 Qe7 29. Qh5 Rde8 30. Nf3 Qf6 31. Ng5 Re7
32. N3e4 Rxe4 33. Nxe4 Qxf5 34. Qxf5 Bxf5 35. Nxd6 Bxc2
36. Nxf7+ Kh7 37. Rd7 Be4 38. Nd6 Bc2 39. Rc1 1-0

[Event "Dubai Open"]
[Site "Dubai UAE"]
[Date "2017.04.06"]
[EventDate "2017.04.03"]
[Round "4.35"]
[Result "1-0"]
[White "Rameshbabu Praggnanandhaa"]
[Black "R Ashwath"]
[WhiteElo "2447"]
[BlackElo "2242"]
[PlyCount "65"]

1. e4 c5 2. Nf3 Nc6 3. d4 cxd4 4. Nxd4 g6 5. c4 Nf6 6. Nc3
Nxd4 7. Qxd4 d6 8. Be2 Bg7 9. Bg5 O-O 10. Qd2 a5 11. Rd1 Be6
12. b3 a4 13. e5 dxe5 14. Qxd8 Rfxd8 15. Rxd8+ Rxd8 16. Nxa4
h6 17. Be3 Bd7 18. Nb6 Bc6 19. f3 Nh5 20. Kf2 f5 21. Rd1 Rxd1
22. Bxd1 f4 23. Bc5 e4 24. b4 Bc3 25. b5 e3+ 26. Ke2 Be8
27. Nd5 Bd2 28. Bc2 e5 29. Bd6 Bf7 30. Be4 Ng7 31. Bxe5 g5
32. Nf6+ Kh8 33. Bd5 1-0

[Event "Dubai Open"]
[Site "Dubai UAE"]
[Date "2017.04.08"]
[EventDate "2017.04.03"]
[Round "5.17"]
[Result "1-0"]
[White "Zhong Zhang"]
[Black "Rameshbabu Praggnanandhaa"]
[WhiteElo "2641"]
[BlackElo "2447"]
[PlyCount "93"]

1. d4 Nf6 2. Bf4 g6 3. Nc3 d5 4. e3 Bg7 5. h4 c5 6. Nb5 Na6
7. c3 O-O 8. Be2 h6 9. Nf3 Ne4 10. Ne5 Nd6 11. a4 Bf5 12. f3
Be6 13. Qd2 Qb6 14. Nxd6 exd6 15. Nd3 Rfe8 16. Bg3 Qd8 17. Nf4
Nc7 18. Bf2 b6 19. Kf1 Bc8 20. g4 Bb7 21. Bd3 Ne6 22. Ne2 Qc8
23. h5 Ng5 24. Kg2 f5 25. gxf5 gxf5 26. Bg3 Qd8 27. Rag1 Qe7
28. Kf2 Qf7 29. Bf4 Qf6 30. Rg3 Rad8 31. Qc1 Kh7 32. Bxg5 hxg5
33. h6 Bh8 34. Rh5 Rg8 35. Qg1 Bc8 36. Rgxg5 Rxg5 37. Rxg5 Re8
38. Nf4 cxd4 39. exd4 Qf7 40. Qb1 Rf8 41. Nh5 Qe7 42. f4 Qe6
43. Ng3 Bxd4+ 44. cxd4 Kh8 45. Qg1 Re8 46. Nxf5 Qf6 47. Rg6
1-0

[Event "Dubai Open"]
[Site "Dubai UAE"]
[Date "2017.04.09"]
[EventDate "2017.04.03"]
[Round "7.18"]
[Result "1/2-1/2"]
[White "Mikhael Mchedlishvili"]
[Black "Rameshbabu Praggnanandhaa"]
[WhiteElo "2602"]
[BlackElo "2447"]
[PlyCount "78"]

1. d4 Nf6 2. c4 e6 3. Nc3 d5 4. cxd5 exd5 5. Bg5 c6 6. Qc2 Be7
7. e3 Nbd7 8. Bd3 Nh5 9. Bxe7 Qxe7 10. Nge2 g6 11. O-O O-O
12. Rae1 Ndf6 13. Nc1 Ng7 14. f3 c5 15. dxc5 Qxc5 16. Nb3 Qb6
17. Qd2 Bf5 18. Be2 Rfe8 19. Nd4 Bd7 20. Bd3 Ne6 21. Nce2 Nc5
22. Bb1 a5 23. Rf2 Re7 24. Nf4 Qd6 25. g4 h6 26. Rg2 Rae8
27. h4 b6 28. Ree2 Re5 29. Nd3 Nxd3 30. Bxd3 Qe7 31. Kf2 Nxg4+
32. fxg4 Qxh4+ 33. Kg1 Bxg4 34. Re1 Rh5 35. Rf1 Qh1+ 36. Kf2
Qh4+ 37. Kg1 Qh1+ 38. Kf2 Qh4+ 39. Kg1 Qh1+ 1/2-1/2

[Event "Dubai Open"]
[Site "Dubai UAE"]
[Date "2017.04.10"]
[EventDate "2017.04.03"]
[Round "8.31"]
[Result "1-0"]
[White "Rameshbabu Praggnanandhaa"]
[Black "K Arjun"]
[WhiteElo "2447"]
[BlackElo "2232"]
[PlyCount "83"]

1. d4 Nf6 2. Bg5 g6 3. Bxf6 exf6 4. c4 Bg7 5. g3 f5 6. Nc3 O-O
7. Bg2 d6 8. e3 Nd7 9. Nge2 Nf6 10. O-O c6 11. Nf4 Re8 12. b4
Be6 13. Qb3 g5 14. Nfe2 d5 15. cxd5 cxd5 16. Rfc1 Ne4 17. Rc2
Re7 18. Rac1 a6 19. Qa3 Rd7 20. Qb2 b5 21. a4 Bf8 22. Ra1 Rc8
23. axb5 axb5 24. Nxe4 fxe4 25. Rc5 Rb8 26. h3 Qf6 27. Rc6 Qe7
28. Rc5 Qf6 29. Qc1 Rdd8 30. Ra5 Bxc5 31. dxc5 Ra8 32. Qa3
Rxa5 33. Qxa5 Rb8 34. c6 Qb2 35. Nd4 Qc3 36. Kh2 h6 37. Qa6
Qc4 38. Qa7 Rc8 39. Qe7 Kh8 40. Qd6 Kh7 41. Nxe6 fxe6 42. Qd7+
1-0

[Event "Reykjavik Open"]
[Site "Reykjavik ISL"]
[Date "2017.04.19"]
[EventDate "2017.04.19"]
[Round "1.39"]
[Result "0-1"]
[White "Pal Magnussen"]
[Black "Rameshbabu Praggnanandhaa"]
[WhiteElo "1909"]
[BlackElo "2447"]
[PlyCount "42"]

1. e4 e5 2. Nf3 Nc6 3. d4 exd4 4. Bc4 Nf6 5. e5 d5 6. Bb5 Ne4
7. O-O Bg4 8. Qxd4 Bc5 9. Qa4 Bd7 10. c4 d4 11. Re1 a6
12. Bxc6 Bxc6 13. Qd1 O-O 14. Nbd2 f5 15. exf6 Nxd2 16. Qxd2
Qxf6 17. b4 Ba7 18. Ng5 d3 19. c5 h6 20. Ne6 Qxa1 21. Nxf8
Rxf8 0-1

[Event "Reykjavik Open"]
[Site "Reykjavik ISL"]
[Date "2017.04.20"]
[EventDate "2017.04.19"]
[Round "2.36"]
[Result "1-0"]
[White "Rameshbabu Praggnanandhaa"]
[Black "Hilmir Freyr Heimisson"]
[WhiteElo "2447"]
[BlackElo "2152"]
[PlyCount "93"]

1. Nf3 Nf6 2. g3 e6 3. Bg2 Be7 4. O-O O-O 5. d3 d5 6. Nbd2 c5
7. e4 Nc6 8. Re1 b6 9. e5 Nd7 10. Nf1 Bb7 11. h4 Rc8 12. Bf4
Nd4 13. N3d2 b5 14. c3 Nc6 15. Qg4 Kh8 16. Nf3 b4 17. c4 dxc4
18. dxc4 Ba6 19. Rad1 Qe8 20. b3 Bb7 21. N1d2 Nd8 22. Qh3 f6
23. exf6 Nxf6 24. Bg5 a5 25. h5 h6 26. Bxf6 Bxf6 27. Ne4 Bc3
28. Nd6 Qe7 29. Nxc8 Bxc8 30. Nh4 Qf6 31. Ng6+ Kg8 32. Nxf8
Qxf8 33. Qh4 Nf7 34. Re3 Bf6 35. Qf4 e5 36. Qe4 Ng5 37. Qd5+
Be6 38. Qd6 Qxd6 39. Rxd6 Bf5 40. Ra6 Bb1 41. Rxa5 e4 42. Re1
Bc2 43. Rxc5 Bc3 44. Re3 Bb1 45. Rxg5 hxg5 46. Bxe4 Bxa2
47. Bg6 1-0

[Event "Reykjavik Open"]
[Site "Reykjavik ISL"]
[Date "2017.04.21"]
[EventDate "2017.04.19"]
[Round "4.29"]
[Result "1/2-1/2"]
[White "Rameshbabu Praggnanandhaa"]
[Black "Thibault Louis"]
[WhiteElo "2447"]
[BlackElo "2202"]
[PlyCount "99"]

1. e4 c5 2. Nf3 Nc6 3. d4 cxd4 4. Nxd4 e5 5. Nb5 d6 6. N1c3 a6
7. Na3 Nf6 8. Bg5 Be7 9. Nc4 O-O 10. Bxf6 Bxf6 11. Nd5 b5
12. Ncb6 Rb8 13. Nxc8 Rxc8 14. c3 Na5 15. Bd3 g6 16. O-O Bg7
17. Qe2 f5 18. f4 Qd7 19. Rae1 Kh8 20. Kh1 Rce8 21. exf5 gxf5
22. Rd1 Nc6 23. Bc2 Ne7 24. fxe5 Nxd5 25. Rxd5 Rxe5 26. Qf3
Rxd5 27. Qxd5 Be5 28. Rf3 Qg7 29. Bxf5 Qh6 30. g3 Qc1+ 31. Kg2
Qxb2+ 32. Rf2 Qxc3 33. Rc2 Qd4 34. Qf3 Bg7 35. Rf2 Qf6 36. h4
Qh6 37. Kh3 Re8 38. Rc2 Rf8 39. Rc7 Qf6 40. g4 h5 41. Rc2 Qe5
42. Rf2 Qc3 43. Qxc3 Bxc3 44. gxh5 Kg7 45. Rg2+ Kh6 46. Be4
Rf4 47. Rg6+ Kxh5 48. Rg5+ Kh6 49. Rg6+ Kh5 50. Rg5+ 1/2-1/2

[Event "Reykjavik Open"]
[Site "Reykjavik ISL"]
[Date "2017.04.22"]
[EventDate "2017.04.19"]
[Round "5.36"]
[Result "0-1"]
[White "Michael Dougherty"]
[Black "Rameshbabu Praggnanandhaa"]
[WhiteElo "2171"]
[BlackElo "2447"]
[PlyCount "58"]

1. c4 e5 2. Nc3 Nf6 3. Nf3 Nc6 4. e3 Bb4 5. Qc2 Bxc3 6. Qxc3
Qe7 7. d3 d5 8. cxd5 Nxd5 9. Qd2 Bg4 10. a3 O-O-O 11. Qc2 Rhe8
12. Bd2 f5 13. h3 Bh5 14. O-O-O e4 15. dxe4 fxe4 16. g4 Bg6
17. Ng1 Ne5 18. Kb1 Rf8 19. Bc1 Rf6 20. Rd4 Rc6 21. Qa4 Qc5
22. Bd2 a6 23. h4 h6 24. g5 h5 25. Be2 Nf3 26. Nxf3 exf3+
27. Bd3 Nb6 28. Rxd8+ Kxd8 29. Qb3 Qc4 0-1

[Event "Reykjavik Open"]
[Site "Reykjavik ISL"]
[Date "2017.04.23"]
[EventDate "2017.04.19"]
[Round "6.26"]
[Result "1-0"]
[White "Rameshbabu Praggnanandhaa"]
[Black "Halldor Gretar Einarsson"]
[WhiteElo "2447"]
[BlackElo "2257"]
[PlyCount "59"]

1. e4 c5 2. Nf3 Nc6 3. d4 cxd4 4. Nxd4 Nf6 5. Nc3 e5 6. Ndb5
d6 7. Bg5 a6 8. Na3 b5 9. Bxf6 gxf6 10. Nd5 f5 11. Bd3 Be6
12. O-O Bxd5 13. exd5 Ne7 14. c3 Bg7 15. Qh5 e4 16. Bc2 O-O
17. Rae1 Qc8 18. Kh1 Qc5 19. f3 e3 20. f4 Rae8 21. Rf3 Nxd5
22. Bxf5 h6 23. Nc2 e2 24. Bd3 Nb6 25. f5 Na4 26. Qg4 h5
27. Qxh5 Nxb2 28. Rh3 f6 29. Qh7+ Kf7 30. Bxe2 1-0

[Event "Reykjavik Open"]
[Site "Reykjavik ISL"]
[Date "2017.04.24"]
[EventDate "2017.04.19"]
[Round "7.9"]
[Result "1/2-1/2"]
[White "Rameshbabu Praggnanandhaa"]
[Black "Alexander Beliavsky"]
[WhiteElo "2447"]
[BlackElo "2597"]
[PlyCount "78"]

1. e4 e5 2. Nf3 Nc6 3. Bc4 Nf6 4. d3 Bc5 5. O-O d6 6. c3 a6
7. Bb3 Ba7 8. Nbd2 O-O 9. h3 Be6 10. Bc2 d5 11. exd5 Qxd5
12. Re1 Rad8 13. Qe2 Bc8 14. Nc4 Nd7 15. b4 b5 16. Ne3 Bxe3
17. Bxe3 Nf6 18. Ng5 h6 19. Ne4 Nxe4 20. dxe4 Qe6 21. Bc5 Rfe8
22. a4 Ne7 23. axb5 axb5 24. Qxb5 Ng6 25. Be3 Nh4 26. Qf1 Qg6
27. Kh1 Rd6 28. Red1 Rxd1 29. Rxd1 Ba6 30. Qg1 Qc6 31. Bc5 Be2
32. Rd5 Qg6 33. Be3 Ra8 34. Ra5 Rd8 35. Ra1 Qc6 36. Qe1 Qg6
37. Qg1 Qc6 38. Qe1 Qg6 39. Qg1 Qc6 1/2-1/2

[Event "Reykjavik Open"]
[Site "Reykjavik ISL"]
[Date "2017.04.25"]
[EventDate "2017.04.19"]
[Round "8.12"]
[Result "0-1"]
[White "Gawain Jones"]
[Black "Rameshbabu Praggnanandhaa"]
[WhiteElo "2671"]
[BlackElo "2447"]
[PlyCount "110"]

1. d4 Nf6 2. Nf3 e6 3. Bg5 h6 4. Bh4 d6 5. e3 Nbd7 6. Bd3 g5
7. Bg3 Nh5 8. Nc3 Bg7 9. Qe2 a6 10. a4 Qe7 11. a5 Nxg3
12. hxg3 c5 13. g4 d5 14. Qd2 Nf6 15. Ne5 Nd7 16. Nf3 Nf6
17. dxc5 Bd7 18. Na4 Bxa4 19. Rxa4 Qxc5 20. c3 Qe7 21. Rb4 Rc8
22. Qd1 O-O 23. Nd4 Rc7 24. f4 Re8 25. O-O Nd7 26. Bc2 Rec8
27. Qd3 Nf8 28. f5 Re8 29. Rb6 Qd7 30. f6 Bh8 31. Qd1 Qd8
32. Qf3 Nd7 33. Rd6 Qxf6 34. Nf5 Nf8 35. Rb6 Bg7 36. Qg3 Qd8
37. Nxg7 Kxg7 38. Qe5+ Kg8 39. Qh2 Kg7 40. Qe5+ Kg8 41. Qh2
Kg7 42. Ba4 Nd7 43. Rd6 Qe7 44. c4 Rec8 45. cxd5 Nf8 46. dxe6
Nxe6 47. Qe5+ Kg8 48. Rxf7 Qxf7 49. Bb3 Rc1+ 50. Kh2 R8c5
51. Qe4 Kf8 52. Rxe6 Qc7+ 53. g3 Qf7 54. Qg2 Qxe6 55. Qf2+ Ke7
0-1

[Event "Reykjavik Open"]
[Site "Reykjavik ISL"]
[Date "2017.04.27"]
[EventDate "2017.04.19"]
[Round "10.12"]
[Result "0-1"]
[White "Rameshbabu Praggnanandhaa"]
[Black "Dmitry Andreikin"]
[WhiteElo "2447"]
[BlackElo "2734"]
[PlyCount "162"]

1. e4 c5 2. Nf3 e6 3. d4 cxd4 4. Nxd4 Nc6 5. Nc3 d6 6. Be2 Nf6
7. O-O Be7 8. Be3 O-O 9. f4 e5 10. Nb3 exf4 11. Rxf4 Be6
12. Nd5 Bxd5 13. exd5 Ne5 14. c4 Nfd7 15. Rf2 Bg5 16. Bxg5
Qxg5 17. Qd4 b6 18. Nd2 f5 19. Raf1 g6 20. Bd1 Nc5 21. Bc2 a5
22. b3 Rfe8 23. h3 Qg3 24. Rb1 Re7 25. a3 Ncd7 26. Nf1 Qg5
27. Qf4 h6 28. Nd2 Kg7 29. Kf1 Nf6 30. Qd4 Nfd7 31. Qf4 Rae8
32. Kg1 Nf6 33. Qd4 Nfd7 34. Qf4 Nf7 35. Qd4+ Kg8 36. Nf3 Qg3
37. Qh4 Re1+ 38. Rxe1 Rxe1+ 39. Rf1 Rxf1+ 40. Kxf1 Qxh4
41. Nxh4 Kg7 42. g4 fxg4 43. Bxg6 Nfe5 44. Bc2 a4 45. Nf5+ Kf6
46. Nxd6 axb3 47. Bxb3 gxh3 48. Kg1 Ng4 49. Ne4+ Kf5 50. Ng3+
Kf4 51. Nh5+ Ke3 52. d6 Nde5 53. Bd1 h2+ 54. Kg2 Nf2 55. Kxh2
Nxd1 56. Nf6 Kd4 57. d7 Nf7 58. Kg3 Ne3 59. Kh4 Nxc4 60. Ng4
Nxa3 61. Nxh6 Nd8 62. Nf5+ Ke4 63. Ng3+ Kf4 64. Ne2+ Kf5
65. Nc3 Ke6 66. Kg4 Kxd7 67. Kf3 Kc6 68. Ke2 Ne6 69. Na4 b5
70. Nc3 b4 71. Kd2 Nc4+ 72. Kd3 Ne5+ 73. Kd2 Nc5 74. Na2 Nc4+
75. Kc2 b3+ 76. Kb1 Nd3 77. Nc3 Kc5 78. Ka1 Kb4 79. Nd5+ Ka3
80. Nc3 b2+ 81. Kb1 Kb3 0-1

[Event "21st Voronezh Master Open"]
[Site "Voronezh RUS"]
[Date "2017.06.14"]
[EventDate "2017.06.12"]
[Round "3.6"]
[Result "1/2-1/2"]
[White "Artyom Timofeev"]
[Black "Rameshbabu Praggnanandhaa"]
[WhiteElo "2561"]
[BlackElo "2467"]
[PlyCount "49"]

1. d4 Nf6 2. c4 e6 3. Nc3 Bb4 4. e3 O-O 5. Nf3 d5 6. Bd3 c5
7. O-O cxd4 8. exd4 dxc4 9. Bxc4 b6 10. Qe2 Bb7 11. Rd1 Bxc3
12. bxc3 Qc7 13. Bd3 Qxc3 14. Bb2 Qb4 15. d5 Nbd7 16. dxe6
Bxf3 17. Qxf3 Qxb2 18. exd7 Nxd7 19. Bxh7+ Kxh7 20. Qh3+ Kg8
21. Qxd7 Rfe8 22. a4 Re2 23. Rac1 g6 24. Rf1 Rae8 25. h3
1/2-1/2

[Event "21st Voronezh Master Open"]
[Site "Voronezh RUS"]
[Date "2017.06.15"]
[EventDate "2017.06.12"]
[Round "4.10"]
[Result "1/2-1/2"]
[White "Rameshbabu Praggnanandhaa"]
[Black "Daniil Lintchevski"]
[WhiteElo "2467"]
[BlackElo "2532"]
[PlyCount "56"]

1. e4 e6 2. d4 d5 3. Nd2 c5 4. exd5 Qxd5 5. Ngf3 cxd4 6. Bc4
Qd7 7. O-O Nc6 8. Nb3 a6 9. Nbxd4 Nxd4 10. Nxd4 Nf6 11. Re1
Bc5 12. c3 Bxd4 13. cxd4 b5 14. Bb3 Bb7 15. Bg5 Nd5 16. Qg4
O-O 17. Bxd5 Qxd5 18. Re5 f5 19. Rxd5 fxg4 20. Rc5 Rf7 21. Be3
Bd5 22. a3 h6 23. Rac1 Raf8 24. Rc7 Rxc7 25. Rxc7 Rf7 26. Rc8+
Rf8 27. Rc7 Rf7 28. Rc8+ Rf8 1/2-1/2

[Event "21st Voronezh Master Open"]
[Site "Voronezh RUS"]
[Date "2017.06.16"]
[EventDate "2017.06.12"]
[Round "5.11"]
[Result "1/2-1/2"]
[White "Andrey Rychagov"]
[Black "Rameshbabu Praggnanandhaa"]
[WhiteElo "2556"]
[BlackElo "2467"]
[PlyCount "22"]

1. e4 c6 2. d4 d5 3. exd5 cxd5 4. Bd3 Nc6 5. c3 g6 6. Nf3 Bg7
7. O-O Nf6 8. Re1 O-O 9. h3 Ne8 10. Bf4 Nd6 11. Bh2 e6 1/2-1/2

[Event "21st Voronezh Master Open"]
[Site "Voronezh RUS"]
[Date "2017.06.18"]
[EventDate "2017.06.12"]
[Round "6.7"]
[Result "1/2-1/2"]
[White "Rameshbabu Praggnanandhaa"]
[Black "Boris Savchenko"]
[WhiteElo "2467"]
[BlackElo "2639"]
[PlyCount "71"]

1. Nf3 d5 2. g3 Bf5 3. Bg2 e6 4. O-O Nf6 5. d3 h6 6. c4 Nc6
7. Qa4 Qd7 8. cxd5 exd5 9. Nc3 Bh3 10. e4 Bxg2 11. Kxg2 Be7
12. a3 Rd8 13. e5 Nh7 14. d4 Ng5 15. Ng1 Ne6 16. Rd1 f6 17. f4
Nexd4 18. Rxd4 Nxd4 19. Qxd4 fxe5 20. fxe5 O-O 21. b4 Qf5
22. Bf4 b6 23. Rd1 c5 24. Nxd5 Kh8 25. Qc4 Qe6 26. Qe4 cxb4
27. Nxe7 Qxe7 28. Rxd8 Rxd8 29. axb4 a5 30. bxa5 bxa5 31. Nf3
Qe6 32. h4 Qa2+ 33. Kh3 Qe6+ 34. Kg2 Qa2+ 35. Kh3 Qe6+ 36. Kg2
1/2-1/2

[Event "Isle of Man Open"]
[Site "Douglas IMN"]
[Date "2017.09.23"]
[EventDate "2017.09.23"]
[Round "1.50"]
[Result "0-1"]
[White "Dietmar Kolbus"]
[Black "Rameshbabu Praggnanandhaa"]
[WhiteElo "2320"]
[BlackElo "2500"]
[PlyCount "132"]

1. Nf3 Nf6 2. c4 e6 3. d4 d5 4. Nc3 dxc4 5. e3 a6 6. a4 b6
7. Bxc4 Bb7 8. O-O Bb4 9. Qe2 O-O 10. Na2 Bd6 11. Rd1 Qe7
12. b3 c5 13. Bb2 cxd4 14. exd4 Nc6 15. Bc3 Rfe8 16. Ne5 Nd5
17. Qd2 Nxc3 18. Nxc6 Bxh2+ 19. Kf1 Bxc6 20. Nxc3 Qh4 21. Qe3
Bf4 22. Qh3 Qxh3 23. gxh3 Bd7 24. Kg2 Rec8 25. Kf3 Bd6 26. Ke3
Be7 27. f4 Be8 28. Ra2 Bb4 29. Ne4 Kf8 30. d5 exd5 31. Bxd5
Ra7 32. Rd4 a5 33. f5 Rc1 34. Kf3 Rd7 35. Re2 Rf1+ 36. Rf2
Rxf2+ 37. Kxf2 Re7 38. Kg3 Rd7 39. Kf4 Ke7 40. Rd3 f6 41. Nf2
Bc5 42. Nd1 g6 43. Nb2 gxf5 44. Rd2 Bg6 45. Nc4 Bd6+ 46. Nxd6
Rxd6 47. Re2+ Kf8 48. Bc4 Rd4+ 49. Kg3 f4+ 50. Kf2 Bf7 51. Rc2
Bxc4 52. bxc4 Ke7 53. c5 bxc5 54. Rxc5 Rxa4 55. Rh5 Kf7
56. Rxh7+ Kg6 57. Ra7 Ra3 58. Ra8 a4 59. Ra5 Ra1 60. h4 a3
61. h5+ Kh6 62. Ra6 a2 63. Rxf6+ Kxh5 64. Rxf4 Rb1 65. Ra4
a1=Q 66. Rxa1 Rxa1 0-1

[Event "Isle of Man Open"]
[Site "Douglas IMN"]
[Date "2017.09.25"]
[EventDate "2017.09.23"]
[Round "3.42"]
[Result "1/2-1/2"]
[White "Kulkarni Ojas"]
[Black "Rameshbabu Praggnanandhaa"]
[WhiteElo "2289"]
[BlackElo "2500"]
[PlyCount "60"]

1. e4 e5 2. Nf3 Nc6 3. d4 exd4 4. Nxd4 Nf6 5. Nxc6 bxc6 6. e5
Qe7 7. Qe2 Nd5 8. c4 Nb6 9. Nc3 Qe6 10. Qe4 g6 11. Bd2 Bg7
12. c5 Nd5 13. Bc4 Bb7 14. f4 O-O 15. O-O-O Qe7 16. Nxd5 cxd5
17. Bxd5 Qxc5+ 18. Bc3 c6 19. Bb3 d5 20. exd6 Bxc3 21. bxc3
Qxc3+ 22. Kb1 Ba6 23. Qc2 Qb4 24. f5 Kh8 25. Qb2+ Kg8 26. Qc2
Kh8 27. Qb2+ Kg8 28. Qc2 Kh8 29. Qb2+ Kg8 30. Qc2 Kh8 1/2-1/2

[Event "Isle of Man Open"]
[Site "Douglas IMN"]
[Date "2017.09.26"]
[EventDate "2017.09.23"]
[Round "4.43"]
[Result "1-0"]
[White "Rameshbabu Praggnanandhaa"]
[Black "Zaki Harari"]
[WhiteElo "2500"]
[BlackElo "2027"]
[PlyCount "61"]

1. Nf3 Nf6 2. g3 d5 3. Bg2 c6 4. O-O Bf5 5. d3 h6 6. c4 e6
7. cxd5 exd5 8. Nd4 Bh7 9. e4 Bc5 10. Nb3 Be7 11. e5 Nfd7
12. d4 Na6 13. a3 Nc7 14. Nc3 a5 15. a4 Nb6 16. Qe2 Qd7
17. Nd1 Nc4 18. f4 Bg6 19. Nc5 Bxc5 20. dxc5 Qe7 21. Qf2 Bd3
22. Re1 Na6 23. b3 Qxc5 24. bxc4 dxc4 25. Be3 Qe7 26. Nb2
O-O-O 27. Bb6 Rd7 28. Bh3 Nb4 29. Red1 Nc2 30. Nxd3 Kb8
31. Nc5 1-0

[Event "Isle of Man Open"]
[Site "Douglas IMN"]
[Date "2017.09.27"]
[EventDate "2017.09.23"]
[Round "5.19"]
[Result "1-0"]
[White "Rameshbabu Praggnanandhaa"]
[Black "David Howell"]
[WhiteElo "2500"]
[BlackElo "2701"]
[PlyCount "127"]

1. e4 c6 2. d4 d5 3. e5 Bf5 4. Nf3 e6 5. Be2 Ne7 6. O-O c5
7. c4 dxc4 8. Na3 Nbc6 9. Nxc4 Nd5 10. dxc5 Bxc5 11. Bg5 Qc7
12. Rc1 O-O 13. Qb3 h6 14. Ne3 Bxe3 15. Bxe3 Nxe3 16. Qxe3 Qb6
17. Qxb6 axb6 18. a3 Be4 19. Nd2 Nd4 20. Rfe1 Bd5 21. Bd3 Rfd8
22. Rc3 g5 23. Ne4 Bxe4 24. Rxe4 Ra5 25. b4 Rad5 26. Bc4 R5d7
27. Bf1 Nf5 28. g3 Rd1 29. Kg2 Ra1 30. Bd3 Kg7 31. h4 gxh4
32. Rg4+ Kh7 33. Bxf5+ exf5 34. Rxh4 Re8 35. Rc7 Kg7 36. Rxb7
Rxe5 37. Rxb6 Rxa3 38. Rbxh6 Re4 39. Rh7+ Kg8 40. Rh8+ Kg7
41. R8h7+ Kf8 42. Rh8+ Ke7 43. Rc8 Rb3 44. Rc4 Re5 45. Rh7 Rb5
46. Rc7+ Ke6 47. Rh6+ f6 48. Rc6+ Ke5 49. Rhxf6 R3xb4
50. Rfe6+ Kd4 51. Rcd6+ Rd5 52. Rxd5+ Kxd5 53. Re2 f4 54. g4
Rb3 55. f3 Rb8 56. Re4 Rf8 57. Kf2 Rf7 58. Ke2 Rf6 59. Kd3 Rf8
60. Ra4 Rb8 61. Rxf4 Rb3+ 62. Ke2 Ke5 63. Rf5+ Kd4 64. Kf2 1-0

[Event "Isle of Man Open"]
[Site "Douglas IMN"]
[Date "2017.09.28"]
[EventDate "2017.09.23"]
[Round "6.15"]
[Result "1/2-1/2"]
[White "Nils Grandelius"]
[Black "Rameshbabu Praggnanandhaa"]
[WhiteElo "2653"]
[BlackElo "2500"]
[PlyCount "176"]

1. e4 e5 2. Nf3 Nc6 3. Bb5 a6 4. Ba4 Nf6 5. O-O b5 6. Bb3 Bc5
7. a4 Rb8 8. Nxe5 Nxe5 9. d4 Bxd4 10. Qxd4 d6 11. Bf4 c5
12. Qd1 O-O 13. Nc3 c4 14. Ba2 Be6 15. axb5 axb5 16. Qd4 b4
17. Ne2 Ra8 18. b3 Nh5 19. bxc4 Nxf4 20. Nxf4 Nf3+ 21. gxf3
Qg5+ 22. Kh1 Qxf4 23. Qe3 Qf6 24. e5 dxe5 25. Bb3 Rxa1
26. Rxa1 e4 27. Rd1 exf3 28. Qd4 Qf5 29. c5 Bxb3 30. cxb3 Qc2
31. Rg1 g6 32. Qe3 Rd8 33. Qxf3 Qxc5 34. Re1 Kg7 35. h3 Rd6
36. Re3 Rf6 37. Qe2 Qd4 38. Kg1 Rf5 39. Kf1 h6 40. Qd3 Qb2
41. Qe2 Qa1+ 42. Kg2 h5 43. Qc4 Qb2 44. Qe2 Rg5+ 45. Kf1 Qa1+
46. Qe1 Qd4 47. Qe2 Rf5 48. Kg1 Kh7 49. Qd3 Qa1+ 50. Kg2 Kg7
51. Qe2 Rg5+ 52. Rg3 Re5 53. Qf3 Qd4 54. Qd3 Qb2 55. Qf3 Qc1
56. Kh2 Qc2 57. Kg2 Rf5 58. Qe3 Qc6+ 59. Kg1 Qd5 60. Qd3 Qe5
61. Qe3 Qa1+ 62. Kg2 Qb2 63. Rf3 Rxf3 64. Qxf3 Qd4 65. Qb7 h4
66. Qf3 g5 67. Qf5 f6 68. Qe6 Kg6 69. Kg1 Qc3 70. Kg2 Qc5
71. Kg1 Kg7 72. Kg2 Qc7 73. Qe4 Qd6 74. Qb7+ Kg6 75. Qe4+ Kh6
76. Qa8 Qe7 77. Qg8 Qg7 78. Qb8 Qe7 79. Qg8 Qe4+ 80. Kg1 Qe1+
81. Kg2 Qe4+ 82. Kg1 f5 83. Qf7 g4 84. Qf6+ Kh5 85. Qh8+ Kg5
86. Qd8+ Kh5 87. Qh8+ Kg5 88. Qd8+ Kh5 1/2-1/2

[Event "Isle of Man Open"]
[Site "Douglas IMN"]
[Date "2017.09.29"]
[EventDate "2017.09.23"]
[Round "7.18"]
[Result "0-1"]
[White "Rameshbabu Praggnanandhaa"]
[Black "Varuzhan Akobian"]
[WhiteElo "2500"]
[BlackElo "2662"]
[PlyCount "98"]

1. e4 e6 2. d4 d5 3. Nc3 Nf6 4. Bg5 dxe4 5. Nxe4 Be7 6. Bxf6
gxf6 7. Qd2 b6 8. O-O-O Bb7 9. Nc3 c6 10. g3 Nd7 11. Bg2 Qc7
12. f4 f5 13. Nf3 O-O-O 14. Qe3 Kb8 15. Ne5 Nxe5 16. dxe5 h5
17. h4 Rhg8 18. Rxd8+ Bxd8 19. Ne2 c5 20. Bf3 Bxf3 21. Qxf3
Qb7 22. Qxb7+ Kxb7 23. Rd1 Kc7 24. Rd3 Be7 25. c4 f6 26. Kd1
Rg4 27. b3 a6 28. a4 Kc6 29. Ke1 Rg8 30. Re3 Re8 31. Kf2 b5
32. axb5+ axb5 33. Nc3 bxc4 34. bxc4 fxe5 35. fxe5 Rg8 36. Ne2
Rg4 37. Kf3 Rxc4 38. Nf4 Rc1 39. Nxh5 c4 40. Nf4 Bc5 41. Re2
c3 42. Nd3 Rf1+ 43. Kg2 Rd1 44. Ne1 Kd5 45. h5 Bf8 46. g4 fxg4
47. Kg3 Bh6 48. Kxg4 Rxe1 49. Rxe1 c2 0-1